| 000 | 00639nam a22001337a 4500 | ||
|---|---|---|---|
| 040 | _crua | ||
| 082 | _aAGR SOM 2021 B1-598 Or. | ||
| 100 | _aSOM NEANG,សំ នាង | ||
| 245 | _aSEASONAL GROWTH AND YIELD OF TOMATO UNDER FARMER'S FIELD CONDITION,ការលូតលាស់ និងទិន្នផលដំណាំប៉េងប៉ោះទៅតាមរដូវកាលក្នុងលក្ខខណ្ឌស្រែកសិករ. | ||
| 260 |
_aphnom penh _brua _c2021 |
||
| 300 |
_ax.30p. _bill. _c29cm. |
||
| 856 | _uhttps://drive.google.com/file/d/1fKrr5lCvzK1CgQiDPSS_1yScAJhGf9IU/view?usp=sharing | ||
| 942 | _cAGR | ||
| 999 |
_c21582 _d21582 |
||